[Event "Llinars del Valles op-B 13th"]
[Site "Llinars del Valles"]
[Date "2019.06.15"]
[Round "8"]
[White "Fabregas Fernandez, Ferran"]
[Black "Ojea Pacheco, Matias"]
[Result "1/2-1/2"]
[WhiteElo "1424"]
[BlackElo "1376"]
[PlyCount "49"]
[EventDate "2019.03.30"]
[EventType "swiss"]
[EventRounds "8"]
[EventCountry "ESP"]
[SourceTitle "EXT 2021"]
[Source "ChessBase"]
[SourceDate "2020.10.23"]
[SourceVersion "1"]
[SourceVersionDate "2020.10.23"]
[SourceQuality "1"]

1. e4 c5 2. Nf3 d6 3. d4 cxd4 4. Nxd4 Nf6 5. Nc3 g6 6. Be2 Bg7 7. Be3 0-0 8. Qd2 Nc6 9. 0-0-0 Nxd4 10. Bxd4 Be6 11. Kb1 Re8 12. f4 Qa5 13. Bf3 Nd7 14. Bxg7 Kxg7 15. Qd4+ f6 16. g4 Rac8 17. a3 Rc4 18. Qd2 Nc5 19. Be2 Nxe4 20. Nxe4 Qxd2 21. Rxd2 Rxe4 22. Rf1 Bc4 23. Bxc4 Rxc4 24. Re1 Rxf4 25. Rxd6 1/2-1/2

[Event "Roncana op-C 11th"]
[Site "Santa Eulalia de Roncana"]
[Date "2017.10.28"]
[Round "5.7"]
[White "Ojea Pacheco, Matias"]
[Black "Burriel Beltran, Alex"]
[Result "0-1"]
[WhiteElo "1578"]
[BlackElo "1382"]
[PlyCount "24"]
[EventDate "2017.09.23"]
[EventType "swiss"]
[EventRounds "8"]
[EventCountry "ESP"]
[SourceTitle "EXT 2024"]
[Source "ChessBase"]
[SourceDate "2023.10.10"]
[SourceVersion "1"]
[SourceVersionDate "2023.10.10"]
[SourceQuality "1"]

1. e4 e5 2. Nf3 Nc6 3. Nc3 Nf6 4. Bc4 h6 5. 0-0 Bc5 6. d3 g5 7. h4 Ng4 8. hxg5 hxg5 9. Nxg5 d5 10. Nxd5 Be6 11. Qf3 Nd4 12. Qg3 Ne2# 0-1

[Event "Roncana op-C 11th"]
[Site "Santa Eulalia de Roncana"]
[Date "2017.10.07"]
[Round "3.3"]
[White "Ojea Pacheco, Matias"]
[Black "Al Badwan Mendieta, Nabih"]
[Result "0-1"]
[WhiteElo "1578"]
[BlackElo "1687"]
[PlyCount "27"]
[EventDate "2017.09.23"]
[EventType "swiss"]
[EventRounds "8"]
[EventCountry "ESP"]
[SourceTitle "EXT 2024"]
[Source "ChessBase"]
[SourceDate "2023.10.10"]
[SourceVersion "1"]
[SourceVersionDate "2023.10.10"]
[SourceQuality "1"]

1. e4 e6 2. d4 d5 3. exd5 exd5 4. Bd3 Bd6 5. Nc3 Ne7 6. Nge2 Nbc6 7. 0-0 0-0 8. Be3 Be6 9. Nf4 h6 10. Nxe6 fxe6 11. Qd2 Nf5 12. Bf4 Bxf4 13. Qxf4 Nfxd4 14. Rad1 0-1

[Event "Roncana op-C 9th"]
[Site "Santa Eulalia de Roncana"]
[Date "2015.11.21"]
[Round "7"]
[White "Tarrada Camanes, Lucas"]
[Black "Ojea Pacheco, Matias"]
[Result "1-0"]
[WhiteElo "1701"]
[BlackElo "1689"]
[PlyCount "63"]
[EventDate "2015.10.03"]
[EventType "swiss"]
[EventRounds "8"]
[EventCountry "ESP"]
[SourceTitle "EXT 2017"]
[Source "ChessBase"]
[SourceDate "2016.10.25"]
[SourceVersion "1"]
[SourceVersionDate "2016.10.25"]
[SourceQuality "1"]

1. e4 e5 2. Nf3 Nc6 3. g3 Nf6 4. Nc3 g6 5. Bg2 Bg7 6. 0-0 0-0 7. d3 h6 8. Be3 d6 9. Qd2 Be6 10. Rfd1 Re8 11. Bxh6 Bg4 12. Rab1 Nh5 13. Bxg7 Nxg7 14. Qh6 Qf6 15. Nd5 Qe6 16. Nxc7 Qc8 17. Nxa8 Qxa8 18. Ng5 Nd4 19. Qh7+ Kf8 20. Qh8+ Ke7 21. Qxg7 Rg8 22. Qxf7+ Kd8 23. Qxg8+ Kc7 24. Qxa8 Nxc2 25. Rdc1 Be2 26. Rxc2+ Kb6 27. Qd8+ Kb5 28. Rc3 Kb4 29. Rc4+ Kb5 30. a4+ Ka6 31. Qd7 Bf1 32. Qb5# 1-0